| 000 | 01676nam a2200313 c 4500 | ||
|---|---|---|---|
| 003 | BLK | ||
| 005 | 20180422115131.0 | ||
| 008 | 180411b bul|||||r ||||||| ||bul|| | ||
| 010 | _aKNG00190030000 | ||
| 040 | _aBLK | ||
| 041 |
_aBUL _cBUL |
||
| 080 |
_aРазстройства на кръвното налягане - Хипертония(високо кръвно налягане), хипотония(ниско кръвно налягане) _b616.12-008.33 _x _z616.12-008.33 |
||
| 080 |
_aБолести на бъбреците и пикочопроводите. Нефропатии - Нефрит, уретрит, туберкулоза на бъбреците, нефросклероза, гломерулонефрит, пиелонефрит, хидронефроза, перинефрит и др. _b616.61 _x _z616.61 |
||
| 700 | 1 |
_aВасилев, Тончо _9368254 |
|
| 139 |
_aВасилев, Тончо _bВ 24 |
||
| 245 | 1 | 0 |
_aВазоренална хипертония _bМоногр. _c Тончо Василев. |
| 257 | _aBGR | ||
| 260 |
_аСофия _bМедицина и физкултура _c1989 |
||
| 300 |
_a195 с. _bс ил., диагр., табл. _c22 см |
||
| 380 | _a61 | ||
| 500 | _aПълното име на авт. е Тончо Василев Йовчев. - 1. изд. 1977. - 3 909 тир. - Библиогр. с. 171-187 - Рез. на рус., англ. | ||
| 650 | 4 |
_aХипертонична болест _9286373 |
|
| 653 | _aхипертония | ||
| 852 | _aЦб 160283 | ||
| 856 | 4 |
_qpdf _u |
|
| 856 | 4 |
_qpdf _u |
|
| 942 |
_cKNG _n0 |
||
| 944 |
_aCR _c22.08.2016 _kКамелия_Данева |
||
| 944 |
_aED _c22.08.2016 _kКамелия_Данева |
||
| 999 |
_c181137 _d181137 |
||